000 00508nam a2200229Ia 4500
003 OSt
005 20220912145742.0
006 a|||||r|||| 00| 0
007 ta
008 220909b |||||||| |||| 00| 0 eng d
024 _a75000
037 _cTextual
040 _aCSL
_beng
_cCSL
041 _aeng
082 _aB, K6
245 0 _aMathematik inder schule
260 _c1966
300 _ap.
_ccm.
650 _aMathematics
942 _hB, K6
_cTEXL
_2CC
999 _c37561
_d37561